|
|
|
|
| LEADER |
01069cam a2200301 a 4500 |
| 001 |
023880 |
| 003 |
AR-BeUNQ |
| 005 |
20220613100357.0 |
| 008 |
120710s2011 ag d b 000 0 spa d |
| 999 |
|
|
|c 22514
|d 97901
|
| 020 |
|
|
|a 9789875745384
|
| 040 |
|
|
|a AR-BeUNQ
|b spa
|c AR-BeUNQ
|e aacr
|
| 082 |
0 |
4 |
|a 330
|2 21
|
| 245 |
0 |
4 |
|a Los dos modelos económicos en disputa /
|c Alejandro Robba y Juan Santiago Fraschina (comps.).
|
| 250 |
|
|
|a 1a. ed.
|
| 260 |
|
|
|a Buenos Aires :
|b Prometeo Libros,
|c 2011.
|
| 300 |
|
|
|a 669 p. :
|b gráficos ;
|c 25 cm.
|
| 504 |
|
|
|a Incluye referencias bibliográficas y bibliografía al final de cada capítulo.
|
| 650 |
|
7 |
|a Economía
|2 spines
|
| 650 |
|
7 |
|a Modelos económicos
|2 spines
|
| 650 |
|
7 |
|a Industrialización
|2 spines
|
| 650 |
|
7 |
|a Integración regional
|2 spines
|
| 650 |
|
7 |
|a Política de desarrollo
|2 spines
|
| 651 |
|
7 |
|a Argentina
|2 spines
|
| 700 |
1 |
|
|a Robba, Alejandro
|e comp.
|4 com
|9 3142
|
| 700 |
1 |
|
|a Fraschina, Juan Santiago,
|e comp.
|4 com
|
| 929 |
|
|
|a CANJE
|b Univ. Nac. de Moreno
|d 0
|e 20120503
|f PAT0042756
|j 47848
|
| 942 |
|
|
|c LIB
|n 0
|